| 000 | nam a22 7a 4500 | ||
|---|---|---|---|
| 999 |
_c329287 _d329287 |
||
| 003 | Nust | ||
| 005 | 20170502135725.0 | ||
| 008 | 170502b xxu||||| |||| 00| 0 eng d | ||
| 040 | _cDLC | ||
| 082 | _a 891.4391 SAH | ||
| 100 | _aساحر لدھیانوی | ||
| 245 | _aکلیات ساحر | ||
| 260 |
_aLahore : _b Chaudhary ghulam rasoo and sons, |
||
| 300 | _a576p. : | ||
| 942 |
_2ddc _cBK |
||